[Event "RUS-Cup10"]
[Site "Tomsk"]
[Date "1997.07.28"]
[Round "7"]
[White "Yandemirov, Valeri"]
[Black "Nikitin, Andrey"]
[Result "1-0"]
[WhiteElo "2500"]
[BlackElo "2480"]
[Annotator "Donev,I"]
[PlyCount "45"]
[EventDate "1997.07.21"]
[EventType "swiss"]
[EventRounds "9"]
[EventCountry "RUS"]
[SourceTitle "EXT 2000"]
[Source "ChessBase"]
[SourceDate "1999.11.16"]
[SourceVersion "1"]
[SourceVersionDate "1999.11.16"]
[SourceQuality "1"]

1. e4 e6 2. d4 d5 3. Nd2 c5 4. exd5 Qxd5 {Mit dieser Zug kann Schwarz
versuchen, die Vereinzelung seines d-Bauern zu vermeiden, doch er verliert
dabei Zeit und überläßt dem Gegner einen gewissen Entwicklungvorsprung.->uch
hat Schwarz hier einige Sorgen mit der Entwicklung seines Damenläufers, was
bei 4...ed5 nicht der Fall ist.} 5. Ngf3 cxd4 6. Bc4 Qd8 7. O-O Ne7 8. Nb3 Qc7
9. Qe2 Ng6 10. Nbxd4 a6 {Kontrolliert das Feld b5 und bereitet für einen
späteren Zeitpunkt b7-b5 vor.} 11. Bb3 Be7 12. Re1 O-O 13. Bg5 Bd6 14. Qd3 h6 {
Schwarz hat Entwicklungsnachteil (sein ganzer Damenflügel schläft!) und spielt
Züge die seine Königsstellung abschwächen. Es ist keine Überraschung, daß sich
diese Partie in eine Eröffnungskatastrophe umgewandelt.} (14... Bd7 15. Rad1 (
15. c3 Nc6 16. Rad1 Bc5 17. Nf5 Qb6 18. Ne3 $14) 15... Bc5 16. Be3 Rc8 17. Qc3
$14) (14... Nc6 15. Nxc6 Qxc6 (15... bxc6 16. Rad1 Bc5 17. Qc3 Qb6 18. Be3 Bxe3
19. Rxe3 $16) 16. Rad1 Bc7 $14) 15. Nxe6 $1 Bxe6 (15... fxe6 16. Qxg6 Rxf3 17.
gxf3 hxg5 18. Bxe6+ Bxe6 19. Qxe6+ (19. Rxe6 Be7 $16 (19... Bxh2+ 20. Kg2 Nc6
21. Re8+ (21. Qxg5 $6 {ist deutlich schlechter} Be5 $14) 21... Rxe8 22. Qxe8+
Kh7 23. Rh1 $18)) 19... Kh7 20. Qf5+ g6 21. Qh3+ (21. Qxg5 $6 Nc6 $18) 21...
Kg7 22. Re8 $18) 16. Rxe6 $1 fxe6 {Jetzt sehen wir den Nachteil des h6 Zuges -
der Springer g6 ist ungedeckt.} 17. Qxg6 (17. Bxe6+ $142 $1 Kh8 (17... Kh7 18.
Nh4 $1 $18) 18. Qxg6 Nc6 19. Bf5 Rxf5 $16 20. Qxf5 Ne5 (20... hxg5 21. Nxg5 $18
) 21. Nxe5 Bxe5 $16) 17... Nc6 (17... Rxf3 $5) 18. Rd1 (18. Bxe6+ Kh8 19. Bd5
$16) 18... Ne5 (18... Rxf3 19. gxf3 Kh8 20. Bxh6 Bxh2+ 21. Kg2 gxh6 22. Qxh6+
Qh7 23. Qxh7+ Kxh7 24. Rd7+ Kg6 25. Kxh2 $18) 19. Qxe6+ $16 (19. Nxe5 $5 Bxe5
20. Rd7 Bxh2+ (20... Qxd7 21. Bxe6+ Qf7 22. Bxf7+ Rxf7 23. Bxh6 $16) 21. Kh1
Qxd7 22. Bxe6+ Qxe6 23. Qxe6+ Rf7 24. Bxh6 gxh6 25. Kxh2 $18) 19... Kh8 (19...
Kh7 20. Nxe5 Bxe5 21. Rd7 $16) 20. Rxd6 Nxf3+ (20... Rfe8 21. Qd5 Nxf3+ 22.
gxf3 hxg5 23. Qd4 $1 {[%cal Yd4g7,Yd6d7]} Rad8 24. Rh6#) 21. gxf3 Rae8 22. Qg6
$1 Qa5 23. Bxh6 1-0

[Event "Rubinstein Memorial 34th"]
[Site "Polanica Zdroj"]
[Date "1997.08.22"]
[Round "4"]
[White "Kaminski, Marcin"]
[Black "Psakhis, Lev"]
[Result "1/2-1/2"]
[WhiteElo "2540"]
[BlackElo "2565"]
[Annotator "Donev,I"]
[PlyCount "54"]
[EventDate "1997.08.19"]
[EventType "tourn"]
[EventRounds "11"]
[EventCountry "POL"]
[EventCategory "16"]
[SourceTitle "CBM 061"]
[Source "ChessBase"]
[SourceDate "1997.11.23"]
[SourceVersion "1"]
[SourceVersionDate "1997.11.23"]
[SourceQuality "1"]

1. e4 e6 2. d4 d5 3. Nd2 c5 4. dxc5 Bxc5 5. Bd3 Nf6 6. Qe2 Nc6 7. Ngf3 Qc7 8.
O-O dxe4 9. Nxe4 Be7 10. Nxf6+ Bxf6 11. Qe4 Bd7 12. Bf4 Qb6 13. Rab1 Ne7 $1 {
[%cal Yd7c6,Yc6f3] Räumt das Feld c6 für den Bd7.} 14. Ne5 Bc6 15. Nxc6 Qxc6 {
Sogar nach dem Damentausch steht Weiß besser, wegen seinem Läuferpaarvorteil
und der Bauernmehrheit am Damenflügel.} 16. Qe2 O-O 17. c4 a5 18. Be4 Qa6 19.
Rfd1 Rfd8 20. Rxd8+ $6 {Warum freiwillig die einzige offene Linie aufgeben?} (
20. Bc7 $142 Rxd1+ (20... Rd4 21. Rxd4 Bxd4 22. Qd3 $16) 21. Rxd1 Nc6 (21...
Rc8 22. b3 a4 $16) 22. Rd7 $14) 20... Rxd8 21. b3 Nc6 22. Qh5 g6 23. Qb5 Qa8 (
23... Qxb5 24. cxb5 Nd4 25. Bc7 Ne2+ 26. Kf1 Rd2 27. Bxa5 (27. Bxb7 Nc3 28. Rc1
Bd4 $13) 27... Rxa2 28. Bxb7 Rxa5 29. Kxe2 Rxb5 $11) 24. Be3 Bd4 25. Bxd4 Rxd4
26. Re1 Qd8 27. g3 Qc7 1/2-1/2

[Event "RUS-Cup6"]
[Site "Krasnodar"]
[Date "1997.03.11"]
[Round "1"]
[White "Rublevsky, Sergei"]
[Black "Kalichkin, Igor"]
[Result "1-0"]
[WhiteElo "2645"]
[BlackElo "2425"]
[Annotator "Donev,I"]
[PlyCount "105"]
[EventDate "1997.03.11"]
[EventType "swiss"]
[EventRounds "9"]
[EventCountry "RUS"]
[SourceTitle "EXT 2000"]
[Source "ChessBase"]
[SourceDate "1999.11.16"]
[SourceVersion "1"]
[SourceVersionDate "1999.11.16"]
[SourceQuality "1"]

1. e4 e6 2. d4 d5 3. Nd2 c5 4. exd5 Qxd5 5. dxc5 Bxc5 6. Ngf3 Nf6 7. Bd3 Nc6 8.
Qe2 Nb4 9. Bb5+ Bd7 10. Bxd7+ Qxd7 11. Nb3 Be7 (11... Bb6 12. a3 (12. Bg5 Rc8
$1 $17) 12... Nc6 13. Bg5 $14) 12. O-O O-O 13. Bf4 Rfd8 14. Rfd1 Qe8 15. Nbd4
Rac8 16. c4 $1 {[%csl Rd5] Nimmt das Felt d5 unter kontrolle.Weiß besitzt
Bauernmehrheit am Damenflügel.Sein Plan bestehet im Endspiel diese kleine
Vorteil zu benützen.} a6 17. Ne5 {Es droht 18.a3 Nc6 nebst 19.Ndc6 bc6 und den
schwarze Bauernstruktur am Damenflügel ist sehr schlecht.} Bc5 18. Nb3 Be7 19.
a3 Nc6 20. Nxc6 Qxc6 21. Na5 Qe4 22. Qxe4 Nxe4 23. f3 (23. Nxb7 Rxd1+ 24. Rxd1
Rxc4 25. Rc1 (25. f3 Nc3 26. bxc3 Rxf4 27. Rd7 Kf8 $17) 25... Rxc1+ 26. Bxc1
Kf8 $11) (23. Be3 b5 24. cxb5 axb5 25. f3 $13) (23. Rxd8+ Rxd8 (23... Bxd8 24.
Nxb7 Bf6 25. f3 Bxb2 26. Rb1 Bd4+ 27. Kf1 $13) 24. Nxb7 Rd7 25. Na5 Bf6 $1 26.
g3 Bxb2 27. Rb1 Bxa3 28. f3 g5 $1 $17) 23... Nd6 24. Bxd6 (24. c5 Rxc5 25. Bxd6
Rxd6 26. Rxd6 Bxd6 27. Nxb7 Rd5 $11) 24... Rxd6 25. Rxd6 Bxd6 26. Rd1 (26. Nxb7
Be5 27. Rd1 Bxb2 $15) 26... Be5 27. b3 b6 {Dankbar seine Bauernmehrheit am
Damenflügel und die Beherrschung des einziges offenes Linie hat der
Anziehenden leichter aber fester Positionelle Vorteil. Es ist merkwürdig wie
der GM Rublevsky lehrreich diese kleine Vorteile in eines volles Punkt
umwandeltlt} 28. Nc6 $1 Bf6 29. Rd6 Kf8 30. a4 a5 {Jetzt ist den
Bauernstruktur am Damenflügel unbeweglich, das natürlich für den Springer
nützlich ist.} 31. Kf1 Ke8 32. h3 Rc7 $6 (32... Bb2 {/\Ba3} 33. Na7 Rb8 $14)
33. c5 $1 Be7 (33... bxc5 34. Nxa5 Ke7 35. Nc4 Rb7 36. Rb6 $16 {[%csl Gc4]
[%cal Yf1e2,Ye2d3]}) 34. cxb6 $1 Bxd6 (34... Rb7 $2 35. Nxa5 $18) 35. bxc7 Bxc7
36. b4 axb4 37. Nxb4 {Von den weißen Bauernmehrheit am Damenflügel ist nur
eine entfernte Freibauern gebliben.Wenn der Nachziehenden auch am Königsflügel
eine Freibauern bilden kann dann werden die Chancen ausgeglichen.
Selbstverständlich versucht der Weiße die Bauern am Königsflügel zu blockieren
oder vernichten.} Kd7 38. Ke2 Kd6 39. Kd3 e5 (39... Kc5 40. Na6+ Kc6 41. Nxc7
Kxc7 $18 {Und das Endspiel wegen den Entfernete Freibauern ist für Weiß
gewonnen.}) 40. Kc4 f5 41. Nd5 Bd8 {Auf keinen Fall darf der Nachziehenden die
Leichtfiguren tauschen!} 42. Ne3 g6 43. Nd5 Kc6 44. Ne3 Bc7 45. g4 $1 {So wird
das e4 Feld abgeschwächt.} fxg4 {[%csl Ge4]} (45... f4 46. Nd1 {[%cal Yd1e2,
Ye2f2,Yf2e4,Yd1c2,Yc2c3,Yc3e4]}) 46. Nxg4 h5 47. Ne3 Kd6 48. Kd3 Ke6 49. Ke4
Ba5 50. Nc4 Bc3 51. a5 Bb4 52. a6 Bc5 53. Nxe5 1-0

[Event "DEN-ch"]
[Site "Taastrup"]
[Date "1998.04.11"]
[Round "8"]
[White "Borge, Nikolaj"]
[Black "Hansen, Curt"]
[Result "0-1"]
[WhiteElo "2390"]
[BlackElo "2595"]
[Annotator "Donev,I"]
[PlyCount "56"]
[EventDate "1998.04.04"]
[EventType "tourn"]
[EventRounds "9"]
[EventCountry "DEN"]
[EventCategory "9"]
[SourceTitle "CBM 065"]
[Source "ChessBase"]
[SourceDate "1998.08.06"]
[SourceVersion "1"]
[SourceVersionDate "1998.08.06"]
[SourceQuality "1"]

1. e4 {Petursson} e6 2. d4 d5 3. Nd2 c5 4. exd5 Qxd5 5. Ngf3 cxd4 6. Bc4 Qd6 7.
O-O Nf6 8. Nb3 Nc6 9. Nbxd4 Nxd4 10. Nxd4 a6 11. Re1 Qc7 (11... Bd7 12. c3 Qc7
13. Qe2) 12. Bb3 Bd7 13. c3 Bd6 14. h3 (14. Nf5 Bxh2+ 15. Kh1 O-O-O) 14...
O-O-O 15. Qe2 (15. Qf3 h6 16. Be3 Kb8 17. a4 e5 18. Nc2 Bc6 19. Qe2 Nd5 20.
Rad1 Be7 (20... Nxe3 21. Nxe3) 21. Bc1 f6 (21... Bf6 22. Nb4 Nxb4 23. cxb4) 22.
Nd4 exd4 23. Bxd5 Rxd5 24. Qxe7 dxc3 25. Rxd5 Bxd5 (25... Qxe7) 26. bxc3 (26.
Qb4 {-} Qc6) 26... Qxe7 (26... Qxc3 27. Bf4+ Ka8 28. Rc1) (26... Qc6 27. c4
Qxc4 28. Be3 Bc6 29. Qd6+ Ka8 30. Rd1 Rc8 31. Qd8 Bxa4 32. Qb6 {-}) 27. Rxe7 g5
28. Be3 f5 29. a5 f4 30. Bd4 Rg8 31. Rh7 g4 32. hxg4 Rxg4 33. Rg7 Rxg7 34. Bxg7
f3 35. gxf3 {1/2-1/2 Kosten,A-Speelman,J/England 1991}) 15... Kb8 16. a4 Rhg8
$1 {Bei den Rochaden auf verschiedenen Seiten ist es wichtig, wer zuerst den
Angriff gegen den gegnerischen König beginnt. Mit einigen aggressiven Zügen
erobert GM Hansen die Initiative am Königsflügel. In dieser Partie spielt
Schwarz energischer , als Akopian in seiner Partie gegen Adams.} (16... Bc8 17.
a5 Rhg8 18. Nf3 h6 19. Be3 Nd7 20. Ba4 Bc5 21. b4 Bxe3 22. Qxe3 g5 23. b5 $14 {
1/2-1/2 Adams,M-Akopian,V/Chalkidiki 1992/CBM 32 (61)}) 17. Be3 g5 18. Ra2 $2 {
Es ist schwer zu verstehen was der Turm auf a2 macht?} g4 $17 19. h4 {
Selbstverständlich will der Anziehende keine Linie am Königsflügel öffnen.} g3
20. f3 e5 21. Nc2 Be6 22. Bxe6 fxe6 23. c4 Nh5 {Der Springer strebt nach f4.}
24. b4 Qe7 25. c5 Bc7 ({Gewinn auch.} 25... Nf4 $1 26. Bxf4 (26. Qc4 Qxh4 $19)
26... exf4 27. cxd6 Qxh4 28. Qd3 (28. Qxe6 Qh2+ 29. Kf1 Qh1+ 30. Ke2 Qxg2+ 31.
Kd1 Qxf3+ 32. Kc1 g2 $19) 28... Rg5 $1 $19) 26. Bg5 Rxg5 $1 27. hxg5 Nf4 28.
Qe4 (28. Qe3 Qxg5 29. b5 (29. Kf1 Rd3 30. Qg1 Rxf3+ 31. gxf3 g2+ 32. Kf2 Nh3+
33. Ke2 Nxg1+ 34. Rxg1 e4 $1 $19) (29. Na3 {Petursson} Rd3 30. Qe4 Qh4 $19)
29... Qh4 30. Nb4 Qh2+ 31. Kf1 Nh3 $19) 28... Rd2 (28... Qxg5 {Petursson} 29.
Ne3 {[%csl Ge3][%cal Ge3f1,Gf1h2]}) 0-1

[Event "Lee Cup 4th"]
[Site "Beijing"]
[Date "1997.08.30"]
[Round "6"]
[White "Wang, Pin"]
[Black "Wu, Wenjin"]
[Result "0-1"]
[WhiteElo "2380"]
[BlackElo "2320"]
[Annotator "Donev,I"]
[PlyCount "56"]
[EventDate "1997.08.23"]
[EventType "swiss"]
[EventRounds "11"]
[EventCountry "CHN"]
[SourceTitle "CBM 061"]
[Source "ChessBase"]
[SourceDate "1997.11.23"]
[SourceVersion "1"]
[SourceVersionDate "1997.11.23"]
[SourceQuality "1"]

1. e4 e6 2. d4 d5 3. Nd2 a6 4. Ngf3 c5 5. dxc5 Bxc5 6. Bd3 Nc6 7. a3 Nf6 8. O-O
O-O 9. e5 Nd7 10. b4 Be7 11. Bb2 f6 12. exf6 Bxf6 13. Bxf6 Qxf6 14. c4 a5 15.
b5 (15. Qb3 axb4 (15... dxc4 16. Bxc4 axb4 17. Bxe6+ Kh8 18. Ne4 $14) 16. cxd5
exd5 17. Qxd5+ Kh8 18. Ne4 $11) (15. cxd5 exd5 16. Qb3 $14) 15... Nce5 16. Nxe5
Nxe5 17. Qc2 g6 18. Rae1 Bd7 19. cxd5 Rac8 $1 {Bevor der Nachziehende auf d5
zurück schlägt. Mit diesem wichtigen Zwischenzug errobert Schwarz die c-Linie..
} 20. Qb1 (20. Qb3 Rc3 $1 21. Qxc3 Nf3+ 22. Nxf3 Qxc3 23. dxe6 Bxe6 $15) 20...
exd5 21. Qb3 Be6 22. Bb1 Nc4 23. Qd3 Rfd8 24. Ba2 $2 (24. Nxc4 $142 dxc4 25.
Qe3 Bd5 $15) (24. a4 Bf5 25. Qe2 Bxb1 26. Rxb1 Nb6 $17) {[%tqu "De","Wie
bekommt Schwarz Materialvorteil?","","","e6f5","",3]} 24... Bf5 $1 $19 25. Qe2
{Der Springer d2 muß gedeckt werden.} Nxd2 26. Qxd2 Rc2 {[%cal Yc2a2,Yc2d2]}
27. Bxd5+ Kg7 28. Qf4 (28. Qd1 Rc5 $19) 28... Rxd5 0-1

[Event "Bundesliga 1415"]
[Site "Germany"]
[Date "2015.03.14"]
[Round "12.2"]
[White "Anton Guijarro, David"]
[Black "Edouard, Romain"]
[Result "1/2-1/2"]
[WhiteElo "2607"]
[BlackElo "2659"]
[Annotator "Edouard,R"]
[PlyCount "100"]
[EventDate "2014.10.18"]
[EventType "team-tourn"]
[EventRounds "15"]
[EventCountry "GER"]
[SourceTitle "CBM 166"]
[Source "ChessBase"]
[SourceDate "2015.05.11"]
[SourceVersion "1"]
[SourceVersionDate "2015.05.11"]
[SourceQuality "1"]
[WhiteTeam "Dortmund Hansa"]
[BlackTeam "Werder Bremen"]
[WhiteTeamCountry "GER"]
[BlackTeamCountry "GER"]

1. e4 e6 2. d4 d5 3. Nd2 c5 4. Ngf3 cxd4 5. Nxd4 Nf6 6. exd5 Qxd5 7. Nb5 Na6 8.
Nc3 Qd8 (8... Qd6 $5 {is probably the most fashionable move.}) 9. a3 Bd7 $6
$146 {The only way to avoid the annoying Qf3-move, but probably a wrong
novelty.} (9... Be7 10. Qf3 Nc5 (10... Nc7 11. Bd3 Ncd5 12. Nde4 $5 $146 O-O
13. O-O Nxc3 14. Nxc3 $14) (10... O-O $4 11. Bxa6 {1-0 (11) Carlsen,M (2881)
-Caruana,F (2791) NOR 2014}) 11. Nc4 (11. b4 $5) 11... Nd5 12. Bd2 O-O 13. b4
$14 {/\Rd1}) 10. Bxa6 $6 ({I was rather expecting} 10. Nc4 Bc6 11. Bf4 $1 {
after which it seems Black can't equalise:} (11. Qxd8+ Rxd8 12. Ne5 Nb8 $132) (
11. Qe2 Be7 12. Ne5 Nc5 $132) 11... Be7 (11... Nd5 12. Nxd5 Qxd5 13. Qxd5 Bxd5
14. b4 $14) 12. b4 (12. Nd6+ Bxd6 13. Qxd6 Qxd6 14. Bxd6 O-O-O $132) 12... Nd5
13. Nxd5 Bxd5 14. Bd3 $14) 10... bxa6 11. Qe2 Qc8 {The most logical move, but
maybe not the best one.} ({It seems that after the surprising computer
suggestion} 11... Qc7 $1 12. Qxa6 Be7 13. O-O O-O $132 {(/\...Bc6, ...Rab8/c8,
...e5); Black has excellent compensation.}) 12. O-O Be7 13. Rd1 (13. Nc4 Bb5
14. Nxb5 axb5 15. Ne5 O-O $11) (13. a4 O-O 14. Nc4 Nd5 $5 (14... Qc7 $5) 15.
Nxd5 (15. Bd2 Bc6 $132) 15... exd5 16. Qxe7 dxc4 $11) 13... O-O 14. Nb3 (14.
Nc4 Bb5 $11) 14... Re8 15. Be3 $6 {Too slow in my opinion. After this move
Black becomes a bit better, in my opinion.} (15. Bg5 Bc6 $5 (15... Nd5 $2 16.
Rxd5 $18) 16. Rd3 Qc7 $13) 15... e5 16. Bg5 (16. h3 h6 $132) 16... e4 $2 {
A terrible mistake, overestimating some ideas.} ({After} 16... Bg4 17. f3 Be6 {
Black would be a bit better.}) 17. h3 h6 18. Bf4 Bf5 $6 (18... Be6 {would have
been more solid.}) 19. Rd4 Bg6 20. Ra4 Nh5 $6 {Continuing in the same (wrong)
vein.} (20... Qf5 {was required, with the idea} 21. Be3 Nd5 22. Nxd5 Qxd5 23.
Rxa6 Qb7 {and at least some compensation.}) 21. Be3 Bf6 22. Qxa6 {Definitely
the simplest. Black is simply in big trouble, which is pretty well deserved
given the way I put my pieces on the other side of the board!} (22. g4 Bxc3 $1
({To be honest I thought} 22... Be5 {was also possible but missed} 23. Rc4 $1 {
followed by Nc5, taking all the "must-stay" squares off the black queen.}) 23.
Rc4 $1 (23. gxh5 $2 Be5 24. hxg6 Qxh3 $40) 23... Qe6 24. Rxc3 Nf6 25. Nd4 Qd7 {
is better for White, but not that clear; as ...h5 will come soon.}) 22... Bxc3
23. Qxc8 Raxc8 (23... Rexc8 24. bxc3 Rxc3 25. Rxa7 $1 Rxa7 26. Bxa7 Rxc2 27. a4
$16) 24. bxc3 Rxc3 25. Rxa7 f5 (25... Rxc2 26. a4 f5 27. Nd4 Rc4 28. g3 $16)
26. Nd4 $1 {A move I had completely missed.} Rec8 (26... f4 27. Ne2 $1 $18) 27.
Ne2 $2 {Overestimating the coming endgame.} (27. Bd2 R3c4 28. c3 {would be
clearly better for White, though after} f4 {with the idea of playing ...e3
Black keeps some drawing chances.}) 27... Rxc2 28. Nf4 Nxf4 29. Bxf4 Bh5 (29...
Bf7 30. h4 $16) 30. h4 R8c6 $1 (30... Rb2 31. Be5 $18) ({If I had not had this
...R2c6 option then I would have gone for} 30... g5 31. hxg5 hxg5 32. Bxg5 R8c7
{exchanging a rook, but the position should be rather lost.}) 31. a4 Rg6 32.
Rc7 $6 {Making the Black's task easier.} (32. a5 Bf3 (32... e3 33. Bxe3 Rc4 34.
g3) 33. g3 Rcc6 $1 34. a6 Kh7 $1 35. Be5 $1 {The move I had missed, but Black
holds.} (35. Ra8 e3 36. fxe3 (36. Bxe3 $4 Rc4 $19) 36... h5 $11) 35... Rce6 $1
(35... Be2 36. h5 Rg5 37. Bxg7 $18) (35... h5 36. Bxg7 $18) 36. Bd4 (36. h5 Rg5
$11) 36... h5 $11) 32... Rxc7 33. Bxc7 Bf3 34. Bg3 Be2 (34... f4 $4 35. gxf3
fxg3 36. a5 $18) 35. a5 Ba6 36. Be5 Rc6 37. h5 Kf7 38. Bf4 g5 (38... Rc5 $5)
39. hxg6+ Kxg6 40. Ra3 (40. Kh2 Kf7 41. Kg3 Rg6+ $11) 40... h5 41. Rb3 Kf7 42.
Be3 (42. Rb8 Rc5 $11) 42... Rf6 43. Rc3 f4 44. Rc7+ Kg6 45. Bd2 (45. Bd4 Rd6
$11) 45... Rf7 {The simplest way.} 46. Rxf7 Kxf7 47. Bxf4 Ke6 48. Bh2 Kd7 49.
Bg3 Kc6 50. Kh2 Kb7 1/2-1/2

[Event "Bundesliga 1819"]
[Site "Germany"]
[Date "2019.04.06"]
[Round "14.5"]
[White "Fedorchuk, Sergey A"]
[Black "Edouard, Romain"]
[Result "1-0"]
[WhiteElo "2611"]
[BlackElo "2636"]
[Annotator "Edouard,R"]
[PlyCount "131"]
[EventDate "2018.11.10"]
[EventType "team-tourn"]
[EventRounds "15"]
[EventCountry "GER"]
[SourceTitle "CBM 189 Extra"]
[Source "ChessBase"]
[SourceDate "2019.06.03"]
[SourceVersion "1"]
[SourceVersionDate "2019.06.03"]
[SourceQuality "1"]
[WhiteTeam "Viernheim"]
[BlackTeam "Werder Bremen"]
[WhiteTeamCountry "GER"]
[BlackTeamCountry "GER"]

1. e4 e6 2. d4 d5 3. Nd2 c5 4. Ngf3 cxd4 5. Nxd4 Nf6 6. exd5 Qxd5 7. Nb5 Na6 8.
Nc3 (8. c4 Qc6 (8... Qf5 $5 9. Be2 Bd7 10. O-O Rd8 $13) 9. a3 (9. Nf3 Bb4+ 10.
Bd2 O-O 11. Bxb4 Nxb4 12. Be2 a6 13. Nc3 Qc7 $11) 9... Be7 10. b4 O-O 11. Bb2
Rd8 12. Qc2 (12. Nd4 Qc7 $132) 12... Nb8 $5 $13 {[%cal Ya7a5]} (12... e5 $5
$146)) (8. Nc4 $6 Qxd1+ 9. Kxd1 Bc5 $15) 8... Qd6 $5 (8... Qd8 9. a3 Be7 10.
Qf3 $36) 9. a3 {One of the critical moves.} (9. Qe2 Be7 (9... Bd7 $5 10. Nc4
Qc7 11. a3 {[%cal Ge2e5]}) 10. Nc4 Qc7 11. Nb5 $5 Qd8 $1 $146 (11... Qc6 12.
Ne5 Qc5 13. a3 Nc7 14. b4 Qxb5 15. Qxb5+ Nxb5 16. Bxb5+ Nd7 17. Bb2 $36 {
½-½ (30) Fedorchuk,S (2633)-Edouard,R (2624) Linares 2017}) 12. g3 (12. Be3
$6 Nd5 13. Bxa7 O-O 14. Bd4 Nab4 15. a3 Bd7 16. Nc3 Nc6 $17) (12. Bf4 O-O $132)
12... Qd5 13. Rg1 O-O 14. Nc3 Bb4 15. Bd2 Bxc3 16. Bxc3 Ne4 17. Ne3 Nxc3 18.
Nxd5 Nxe2 19. Ne7+ Kh8 20. Bxe2 Nc5 $11) (9. Bb5+ Bd7 10. O-O Be7 11. Bxd7+
Qxd7 12. Qe2 O-O $11) (9. Bc4 Be7 10. Qe2 (10. O-O $144 O-O 11. Qe2) 10... O-O
11. O-O Bd7 $146 (11... Rd8 $5 $146) 12. Nf3 Rfd8 13. Rd1 Qc7 {[%cal Ga8c8]}
14. Ne5 (14. Bxa6 bxa6 15. Qxa6 Rab8 $5 $44) 14... Be8 15. Bf4 Qb6 $11 {
[%cal Ga8c8]}) 9... Bd7 10. Qf3 (10. Nc4 Qxd1+ 11. Nxd1 Be7 12. Ne5 O-O $11 {
[%cal Yd7e8]}) (10. Qe2 Qc7 (10... Rd8 11. Nc4 Qc7 12. Qe5 Bc5 13. Qg3 Qxg3 14.
hxg3 O-O $11) 11. Nc4 O-O-O {[%cal Gf6d5]} 12. Bg5 Bc6 $13) (10. Be2 Bc6 11.
O-O Rd8 12. Qe1 (12. Nf3 Qb8 $5 13. Qe1 Be7 14. Bb5 Bxb5 15. Nxb5 Nc5 $11) (12.
Nc4 Qc7 $132) 12... Be7 13. b4 Nb8 14. Nc4 (14. b5 Bd5 15. Bb2 O-O 16. Rd1 Qc7
$11) 14... Qc7 15. b5 Bd5 $132) 10... Bc6 11. Qe3 $5 {An idea found by David
Navara which I had no idea about at the moment of the game!} (11. Qg3 Qxg3 12.
hxg3 Nc7 13. Nc4 Ncd5 $11 {1-0 (38) Bok,B (2591)-Fridman,D (2627) Netherlands
2014}) 11... Nc7 $6 (11... Be7 $5 12. Nc4 (12. b4 Ng4 $5 $132) 12... Qc7 13.
Qg3 Qxg3 (13... Nd5 14. Nxd5 Qxg3 15. hxg3 Bxd5 16. Ne3 Bc6 $11) 14. hxg3 Nc5 (
14... Ne4 $5 15. Na5 Nxc3 16. Nxc6 Bf6 17. Bxa6 bxa6 18. g4 Ne4 19. f3 Rc8 $1
$13 {1-0 (53) Navara,D (2737)-Svane,R (2552) Bremen 2016}) 15. Ne5 O-O $11) (
11... g6 $5 12. Nc4 Qe7 13. Ne5 Nc5 14. Be2 Bg7 15. Nxc6 bxc6 16. O-O O-O $13)
(11... Qc7 $5) 12. Nc4 Qc5 13. Ne5 Ncd5 14. Qxc5 Bxc5 15. Nxc6 bxc6 16. Na4 $1
{White gets a slightly better ending.} Bd4 17. c3 Nb6 18. Nxb6 (18. cxd4 Nxa4 {
would be very solid for Black.}) 18... Bxb6 19. Ba6 (19. g3 {also lead to some
advantage; my idea was} Ng4 20. Bg2 O-O-O {but after} 21. O-O {it turns out}
Nxf2 $6 {doesn't work:} 22. Rxf2 Rd1+ 23. Bf1 $16) 19... Rd8 20. f3 (20. Bb7
Kd7 $1 21. Bf4 Ne4 $132) 20... Rd5 $6 {Going over-ambitious. I must say I
completely underestimated White's chances.} (20... Nd5 21. Ke2 Bc7 22. g3 h5
23. Bd3 h4 24. c4 Ne7 25. g4 $36) 21. Bd2 Re5+ 22. Kd1 $1 Nd5 $2 (22... Ke7 $14
) 23. f4 $1 {I had just blundered that move.} Rh5 (23... Re4 24. Bd3 Rxf4 25.
Bxf4 Nxf4 26. Be4 $16) 24. Be2 Rh6 25. Bf3 (25. g3 Ne3+ 26. Bxe3 Bxe3 27. Kc2
$14) 25... O-O 26. g3 Ne3+ 27. Ke2 (27. Bxe3 Bxe3 28. Ke2 Bb6 $14 29. Bxc6 $140
$6 e5 $132) 27... Nc4 28. Bc1 e5 $6 (28... Na5 29. Rb1 Nb3 30. Be3 $14) 29. Kd3
$1 {Another move I've blundered.} Na5 $6 (29... e4+ $1 30. Bxe4 Re8 {was the
best chance.}) 30. fxe5 Re6 31. Bf4 Bc7 $6 (31... h6 $1 {with the idea} 32. h4
Bc7 33. Rae1 Rd8+ 34. Kc2 Nc4 {kept some chances.}) 32. Rae1 h6 33. Bg4 $1 Re7
34. e6 Bxf4 35. gxf4 Rd8+ $6 (35... f5 36. Bh5 Nb7 {kept a few chances, again.}
) 36. Kc2 {After so many mistakes, obviously the game became hopeless!} Nc4 37.
exf7+ Kxf7 38. Rxe7+ Kxe7 39. Re1+ Kf6 40. Re6+ Kf7 41. f5 c5 42. Bh5+ Kf8 43.
Kb3 Nd6 44. Bg6 c4+ 45. Kb4 Rb8+ 46. Kc5 Nf7 47. Re2 Rc8+ 48. Kd5 Ng5 49. h4 (
49. Re3 {was simpler.}) 49... Nf3 50. Bh5 Nd2 (50... Nxh4 $6 51. Rh2 Nxf5 52.
Rf2 $18) 51. Kd6 Nb3 52. Kd7 Ra8 53. Kc6 Nc1 54. Re3 a5 55. Kb7 Rd8 56. Kc7 Ra8
57. Re4 Nd3 58. Rxc4 Nxb2 59. Re4 Nd3 60. c4 a4 61. Bg6 Ra7+ 62. Kb8 Rb7+ 63.
Kc8 Re7 64. Rd4 Nb4 65. Rd8+ Re8 66. Rxe8# 1-0